000
00328nam a22001337a 4500
008
180927b xxu||||| |||| 00| 0 eng d
020
_a
9780674530133
041
_a
eng
080
_a
321
100
_a
19
101
_a
SHP
245
_a
Liberalism and Republicanism in the Historical Imagination
_c
Appleby, J
942
_2
udc
_c
BK
999
_c
48612
_d
48612